| 000 | 01353cam a22001814a 4500 | ||
|---|---|---|---|
| 005 | 20250605164210.0 | ||
| 008 | 250528s ||||||||||||||||||||||||d | ||
| 035 | _a20205 | ||
| 040 |
_aGR-AtMCL _bgre _dGR-AtMCL _eAACR2 |
||
| 245 | 1 | _aΠρακτικά Φορολογικά Βοηθήματα 1986 | |
| 260 |
_bΑθήνα, _c1986 |
||
| 300 | _a368 | ||
| 520 | _aΑκίνητης Περιουσίας, Αλλοδαπής Κινητές Αξίες και Ομολογίες Ελληνικού Δημοσίου, Αλλοδαπών Κινητές Αξίες Ημεδαπών, Αμοιβών Τρίτων Παρακράτηση Φόρου 10%, Ανέργεση Οικοδομών (Άδεια), Αποθεματικών Κεφαλαιοποίηση, Αποθηκών Χρήση, Αυτοκινήτων, Εισοδήματος, Έναρξη Ειτηδεύματος, Εργολαβών Παρακράτηση Φόρων, Εργολαβών Συμφωνητικά, Καταναλώσεως, Κύκλου Εργασιών, Μερισμάτων Συνεταρισμών Ν.602, Μισθωτήρια Ιδιωτικά, Μισθωτών Υπηρεσιών και Συναφείς, Υποβολή Στοιχείων, Δημοτική Φορολογία. | ||
| 700 | 1 |
_aΚράτσης Αγαπητός Σ _96238 |
|
| 942 | _cBK | ||
| 999 |
_c5340 _d5340 |
||